Statistiques concernant Surnom des pays

Cliquez ici pour prendre le quiz!

Statistiques générales

  • Ce quiz a été pris 262 fois
  • Le résultat moyen est 15 sur 22

Statistiques - réponses

PériphrasePays% Correct
L'HexagoneFrance
98%
Pays des kangourousAustralie
97%
L'AmériqueÉtats-Unis
97%
La BotteItalie
97%
Le pays du Soleil levantJapon
97%
La HollandePays-Bas
96%
L'Empire CélesteChine
90%
Le plat paysBelgique
79%
La Mère PatrieRussie
79%
Le Saint-SiègeVatican
77%
Le toit du mondeNépal
75%
Le RocherMonaco
73%
Le Pays du CèdreLiban
72%
Le pays du théRoyaume-Uni
67%
La nation arc-en-cielAfrique du Sud
54%
L'île d'AphroditeChypre
52%
Le pays des Milles lacsFinlande
52%
La perle des AntillesHaïti
43%
L'île d'émeraudeIrlande
42%
L'île rougeMadagascar
41%
Le Pays du Ciel BleuMongolie
25%
Le pays du JasminTunisie
21%

Distribution des résultats

Percentile par nombre de réponses

% des personnes avec chaque résultat

Votre développement - résultats

Vous n’avez pas pris ce quiz